Traduction anglais-français n°7 - Statistiques

Statistiques générales
  • Ce quiz a été pris 2 057 fois
  • Le résultat moyen est 26 sur 30
Statistiques - réponses
Noms anglais Noms français % Correct
Cheese Fromage
99%
Cake Gâteau
99%
Egg Oeuf
99%
Bread Pain
99%
Butter Beurre
98%
Carrot Carotte
98%
Icecream Crème glacée
98%
Croissant Croissant
98%
Salad Salade
98%
Tomato Tomate
97%
Potato Patate
95%
Pasta Pâtes
95%
Bacon Bacon
94%
Endive Endive
94%
Honey Miel
94%
Rice Riz
94%
Meat Viande
93%
Fries Frites
92%
Ham Jambon
89%
Chocolate croissant Pain au chocolat
88%
Sausage Saucisse
85%
Lettuce Laitue
80%
Bean Haricot
79%
Pie Tarte
76%
Jam Confiture
71%
Meatball Boulette de viande
65%
Semolina Semoule
61%
Breaded fish Poisson pané
57%
Roast chicken Poulet rôti
57%
Scallop Coquille Saint-Jacques
11%
Aucun quiz correspondant
Distribution des résultats
% des personnes avec chaque résultat
Percentile par nombre de réponses
Votre historique - résultats
Vous n’avez pas pris ce quiz